000 00315nam a22001337a 4500
008 180215b xxu||||| |||| 00| 0 eng d
020 _a2900131590495
041 _aeng
080 _22nd
_a33
100 _a52
101 _aEKO
245 _aConsumer economics issues and behavior
_cGoldsmith,E.B
942 _2udc
_cBK
999 _c42587
_d42587